[Event "Gibraltar Challengers B 2020"]
[Site "Caleta"]
[Date "2020.01.29"]
[Round "5.30"]
[White "Ashwani Kumar Grover"]
[Black "Skutta, Bernd"]
[Result "0-1"]
[WhiteElo "1731"]
[BlackElo "1998"]
[Annotator "NA"]
[PlyCount "52"]
[EventDate "2020.01.20"]
[EventType "swiss"]
[EventCountry "GGB"]
[SourceTitle "playchess.com"]
[Source "ChessBase"]
[SourceQuality "1"]
[TimeControl "6600+10"]

1. e4 {[%emt 0:10:14]} g6 {[%emt 0:00:00]} 2. Nc3 {[%emt 0:00:06]} Bg7 {[%emt 0:00:13]} 3. f4 {[%emt 0:00:21]} c6 {[%emt 0:00:58]} 4. Nf3 {[%emt 0:00:09]} d5 {[%emt 0:00:09]} 5. Bd3 {[%emt 0:00:59]} (5. Qe2 Bg4 6. exd5 Nf6 7. dxc6 Nxc6 8. Qf2 O-O 9. d3 Bxf3 10. Qxf3 Nd4 11. Qd1 Rc8 12. Be2 {0-1 (27) Dvalishvili,P (2433)-Bologan,V (2615) Moscow 2017}) 5... dxe4 {[%emt 0:04:41]} 6. Nxe4 {[%emt 0:00:13] B06: Modern Defence} Nd7 {[%emt 0:00:44]} 7. Qe2 $146 {[%emt 0:02:27]} ({Predecessor:} 7. Bc4 Ngf6 8. Neg5 Nd5 9. d4 N7b6 10. Bd3 Qc7 11. Qd2 h6 12. Ne4 {1-0 (29) Mosconi,A (2126)-Villalba Izquierdo,P Valencia 2001}) 7... Ndf6 {[%emt 0:00:52]} 8. Nf2 {[%emt 0:01:07]} Nd5 {[%emt 0:01:10]} 9. g3 {[%emt 0:02:27]} Ngf6 {[%emt 0:00:11]} 10. c3 {[%emt 0:00:17]} O-O {[%emt 0:01:24]} 11. Bc2 {[%emt 0:00:13]} Ng4 {[%emt 0:07:03]} 12. Nxg4 {[%emt 0:00:34]} Bxg4 {[%emt 0:00:19]} 13. h3 {[%emt 0:00:03]} Bxf3 {[%emt 0:03:05]} 14. Qxf3 {[%emt 0:00:02]} e5 {[%emt 0:00:39]} 15. f5 {[%emt 0:02:53]} Qb6 {[%emt 0:03:39]} 16. d3 {[%emt 0:02:59]} gxf5 {[%emt 0:03:49]} 17. d4 {[%emt 0:07:51]} exd4 {[%emt 0:01:04]} 18. Qxf5 {[%emt 0:00:11]} Rfe8+ {[%emt 0:01:20]} 19. Kd1 {[%emt 0:07:48]} Ne3+ {[%emt 0:03:55]} 20. Bxe3 {[%emt 0:00:16]} dxe3 {[%emt 0:00:20]} 21. Qxh7+ {[%emt 0:03:38]} Kf8 {[%emt 0:00:08]} 22. Ke2 {[%emt 0:01:43]} Rad8 {[%emt 0:06:06]} 23. Rhf1 {[%emt 0:12:50]} Rd2+ $19 {[%emt 0:00:39]} 24. Ke1 {[%emt 0:00:05]} Rf2 {[%emt 0:03:05]} 25. Rxf2 {[%emt 0:01:52]} exf2+ {[%emt 0:00:10]} 26. Kf1 {[%emt 0:00:16]} Qe3 {[%emt 0:00:20]} 0-1

[Event "Gibraltar Challengers B 2020"]
[Site "Caleta"]
[Date "2020.01.29"]
[Round "5.31"]
[White "Filipovich, David"]
[Black "Kaplan, Amiram"]
[Result "1-0"]
[WhiteElo "1995"]
[BlackElo "1880"]
[Annotator "NA RC"]
[PlyCount "63"]
[EventDate "2020.01.20"]
[EventType "swiss"]
[EventCountry "GGB"]
[SourceTitle "playchess.com"]
[Source "ChessBase"]
[SourceQuality "1"]
[TimeControl "6600+10"]

1. Nf3 {[%emt 0:00:47]} c5 2. g3 {[%emt 0:00:10]} Nf6 {[%emt 0:00:50]} 3. Bg2 {[%emt 0:00:10]} Nc6 {[%emt 0:00:10]} 4. O-O {[%emt 0:01:09]} e5 {[%emt 0:00:28]} 5. c4 {[%emt 0:00:19]} d6 {[%emt 0:02:35]} 6. Nc3 {[%emt 0:00:45]} Be7 {[%emt 0:00:20]} 7. b3 {[%emt 0:00:25] A34: Symmetrical English: 2 Nc3, lines with ...d5} O-O {[%emt 0:01:43]} 8. Bb2 {[%emt 0:00:25]} Bg4 {[%emt 0:01:07]} 9. h3 {[%emt 0:02:57]} Be6 {[%emt 0:00:15]} 10. e3 $146 {[%emt 0:07:23]} ({Predecessor:} 10. Ng5 Bd7 11. d3 {½-½ (29) Koegler,K (2557)-Mathe,I (2435) ICCF email 2008}) 10... Qd7 {[%emt 0:11:50]} 11. Ng5 {[%emt 0:14:42]} h6 {[%emt 0:02:26]} 12. Nxe6 {[%emt 0:00:32]} fxe6 {[%emt 0:00:08]} 13. f4 {[%emt 0:03:25]} exf4 {[%emt 0:04:01]} 14. gxf4 {[%emt 0:01:30]} d5 {[%emt 0:01:20]} 15. f5 {[%emt 0:02:50]} dxc4 {[%emt 0:11:16]} 16. fxe6 {[%emt 0:00:56]} Qxe6 {[%emt 0:05:13]} 17. bxc4 {[%emt 0:00:42]} Kh8 {[%emt 0:01:15]} 18. Nd5 {[%emt 0:01:17]} Rac8 {[%emt 0:03:46]} 19. Qe1 {[%emt 0:08:38]} b6 {[%emt 0:12:54]} 20. Qg3 {[%emt 0:11:56]} Bd6 {[%emt 0:00:17]} 21. Qh4 {[%emt 0:06:29]} Be5 {[%emt 0:04:20]} 22. d4 {[%emt 0:03:35]} cxd4 {[%emt 0:01:04]} 23. exd4 {[%emt 0:02:20]} Bb8 {[%emt 0:00:10]} 24. Nxf6 {[%emt 0:01:16]} Rxf6 {[%emt 0:17:21]} 25. d5 {[%emt 0:00:25]} Rxf1+ {[%emt 0:00:24]} 26. Rxf1 {[%emt 0:01:24]} Qd6 {[%emt 0:01:12]} 27. Rf7 {[%emt 0:00:10]} Qh2+ {[%emt 0:00:10]} 28. Kf1 {[%emt 0:00:10]} Ne5 {[%emt 0:00:10] Kg1} 29. Rf2 {[%emt 0:00:10]} Kg8 {[%emt 0:00:10]} 30. Be4 {[%emt 0:00:10]} Rf8 {[%emt 0:00:10]} 31. Rxf8+ $14 {[%emt 0:00:10]} Kxf8 {[%emt 0:00:10]} 32. Ba3+ {[%emt 0:00:10]} 1-0

[Event "Gibraltar Challengers B 2020"]
[Site "Caleta"]
[Date "2020.01.29"]
[Round "5.32"]
[White "Cannon, Richard J"]
[Black "Patola, Eero"]
[Result "1-0"]
[WhiteElo "1990"]
[BlackElo "1831"]
[Annotator "NA"]
[PlyCount "49"]
[EventDate "2020.01.20"]
[EventType "swiss"]
[EventCountry "GGB"]
[SourceTitle "playchess.com"]
[Source "ChessBase"]
[SourceQuality "1"]
[TimeControl "6600+10"]

1. e4 {[%emt 0:00:00]} c5 {[%emt 0:00:00]} 2. Nc3 {[%emt 0:00:00]} e6 {[%emt 0:00:05]} 3. Nge2 {[%emt 0:00:10]} d5 {[%emt 0:00:29]} 4. exd5 {[%emt 0:00:19]} exd5 {[%emt 0:01:02]} 5. d4 {[%emt 0:00:14]} c4 {[%emt 0:00:42]} (5... Nc6 6. Be3 c4 7. g3 Bb4 8. Bg2 Nge7 9. O-O O-O 10. a3 Ba5 11. b4 cxb3 12. cxb3 Bxc3 13. Nxc3 Be6 {1-0 (58) Demchenko,A (2679)-Inarkiev,E (2693) St Petersburg 2018}) 6. Nf4 {[%emt 0:02:30] B23: Closed Sicilian: Lines without g3} Nf6 {[%emt 0:00:21]} 7. Be2 {[%emt 0:01:38]} Nc6 $146 {[%emt 0:00:40]} ({Predecessor:} 7... Na6 8. a3 Nc7 9. O-O Be7 10. Bf3 O-O 11. Re1 Re8 12. Re5 Nd7 13. Re2 {0-1 (37) Howlett,P-Regan,N USA 1992}) 8. O-O {[%emt 0:01:36]} Bb4 {[%emt 0:00:54]} 9. Nb1 {[%emt 0:16:41]} O-O {[%emt 0:01:10]} 10. b3 {[%emt 0:01:33]} b5 {[%emt 0:02:09]} 11. a4 {[%emt 0:00:38]} bxa4 {[%emt 0:01:38]} (11... cxb3 $11 12. cxb3 bxa4) 12. bxc4 {[%emt 0:02:24]} dxc4 {[%emt 0:00:38]} 13. c3 {[%emt 0:03:24]} Ba5 {[%emt 0:01:44]} 14. Bf3 {[%emt 0:06:00]} Bd7 {[%emt 0:01:28]} 15. Qxa4 {[%emt 0:00:30]} Nxd4 {[%emt 0:05:12]} 16. Qxa5 {[%emt 0:00:12]} Nxf3+ {[%emt 0:00:36]} 17. gxf3 {[%emt 0:00:05]} Qb8 {[%emt 0:04:12]} 18. Be3 {[%emt 0:04:36]} Bc6 {[%emt 0:08:22]} 19. Nd2 {[%emt 0:00:23]} Re8 {[%emt 0:02:41]} 20. Rfb1 {[%emt 0:02:58]} ({Resist} 20. Nxc4 Bxf3 21. h3 Ne4 $18) 20... Qc8 {[%emt 0:02:27]} 21. Bd4 {[%emt 0:02:34]} Ng4 {[%emt 0:04:28]} 22. Qg5 {[%emt 0:00:54]} f6 {[%emt 0:11:50]} 23. Qxg4 {[%emt 0:00:11]} Bd7 {[%emt 0:00:13]} 24. Qg3 $18 {[%emt 0:00:25]} Qc6 {[%emt 0:02:04]} 25. Nh5 {[%emt 0:00:43]} 1-0

[Event "Gibraltar Challengers B 2020"]
[Site "Caleta"]
[Date "2020.01.29"]
[Round "5.34"]
[White "Wang, Cong"]
[Black "Garcia-Blazquez Perez, Manuel"]
[Result "1-0"]
[WhiteElo "1975"]
[BlackElo "1825"]
[Annotator "NA RC"]
[PlyCount "93"]
[EventDate "2020.01.20"]
[EventType "swiss"]
[EventCountry "GGB"]
[SourceTitle "playchess.com"]
[Source "ChessBase"]
[SourceQuality "1"]
[TimeControl "6600+10"]

{[%evp 15,92,-21,-6,32767,32767,32767,18,32767,32767,44,32767,32767,32767,32767,32767,32767,222,221,237,32767,32767,91,77,91,146,32767,270,204,241,32767,118,157,447,202,32767,249,32767,226,723,707,805,245,32767,242,260,32767,32767,32767,32767,217,295,32767,318,327,408,467,492,32767,591,32767,32767,32767,32767,32767,32767,32767,32767,848,784,32767,32767,1229,1667,32767,29957,32767,32767,32767,29989]} 1. e4 {[%emt 0:00:00]} c5 {[%emt 0:00:00]} 2. c3 {[%emt 0:00:00]} d5 {[%emt 0:00:00]} 3. exd5 {[%emt 0:00:01]} Qxd5 {[%emt 0:00:05]} 4. d4 {[%emt 0:00:04]} cxd4 {[%emt 0:00:07]} 5. cxd4 {[%emt 0:00:03]} e5 {[%emt 0:00:06]} 6. dxe5 {[%emt 0:03:45]} Qxd1+ {[%emt 0:00:06] B22: Sicilian: 2 c3} 7. Kxd1 {[%emt 0:00:05]} Nc6 {[%emt 0:00:05]} 8. Bb5 {[%emt 0:09:45]} (8. Nf3 Bg4 9. Be2 O-O-O+ 10. Bd2 Bxf3 11. gxf3 Nxe5 12. Kc2 Bc5 13. Be3 Bxe3 14. fxe3 Ne7 15. f4 N5c6 16. Nc3 Nb4+ 17. Kb3 Nbd5 18. Bg4+ Kb8 19. Rhe1 f5 20. Bf3 Nxc3 21. Kxc3 Rd6 {½-½ (21) Jerez Perez,A (2397)-Munoz Pantoja,M (2452) Mollet del Valles 2016}) 8... Bg4+ {[%emt 0:00:10]} 9. Ke1 $146 {[%emt 0:02:16]} ({Predecessor:} 9. Nf3 O-O-O+ 10. Ke1 Nxe5 11. Be2 Nd3+ 12. Bxd3 Rxd3 13. Ke2 Rd8 14. Nc3 {1-0 (44) Sustek,A (1472)-Nespora,T (1290) Kouty nad Desnou 2018}) 9... O-O-O {[%emt 0:00:07]} 10. Nc3 {[%emt 0:06:04]} Nd4 {[%emt 0:12:30]} 11. Ba4 {[%emt 0:00:37]} b5 {[%emt 0:00:14]} 12. Bb3 $1 {[%emt 0:00:18]} a5 {[%emt 0:19:43]} 13. Be3 {[%emt 0:05:15]} Bb4 {[%emt 0:25:23]} 14. Bxd4 {[%emt 0:07:26]} Rxd4 {[%emt 0:00:07]} 15. f3 {[%emt 0:00:17]} a4 {[%emt 0:05:16] [#]} (15... Be6 $16 {keeps fighting.}) 16. Nge2 $1 {[%emt 0:13:03]} ({Much less strong is} 16. fxg4 $6 axb3 17. axb3 Kb7 $16) ({Not} 16. Bxf7 Nh6 $16) 16... Rd7 {[%emt 0:09:51]} 17. Bc2 {[%emt 0:02:56]} Be6 {[%emt 0:00:09]} 18. a3 {[%emt 0:00:47]} Ba5 {[%emt 0:02:09]} 19. Rd1 {[%emt 0:08:04]} Rc7 {[%emt 0:07:30]} ({Black should play} 19... Ne7) 20. Rd6 {[%emt 0:02:09]} b4 {[%emt 0:11:42]} (20... Ne7 $16) 21. axb4 {[%emt 0:02:20]} Bxb4 {[%emt 0:00:03]} 22. Rb6 {[%emt 0:14:20]} Bc5 {[%emt 0:03:28]} 23. Ra6 {[%emt 0:01:30]} a3 $2 {[%emt 0:00:24]} (23... Ra7 $16 24. Rxa7 (24. Rxa4 Rxa4 25. Bxa4 Ne7 $16) 24... Bxa7) 24. bxa3 {[%emt 0:01:00]} (24. Ra8+ $142 Kb7 25. Be4+ Rc6 26. Bxc6+ (26. bxa3 Kxa8 27. Bxc6+ Ka7 $16) 26... Kxc6 27. bxa3) 24... Kb7 {[%emt 0:00:26]} 25. Ra4 {[%emt 0:01:41]} Ne7 {[%emt 0:01:05]} 26. Nb5 {[%emt 0:04:59]} Bf2+ $2 {[%emt 0:02:31]} (26... Rd7 27. Nec3 Rb8) 27. Kxf2 {[%emt 0:00:10]} Rxc2 {[%emt 0:00:04]} 28. Nbd4 $2 {[%emt 0:02:04]} (28. Rb1 Ba2 29. Nd6+ {[%mdl 64] Discovered Attack (Double check)} Kc6 30. Ra6+ Kd7 31. Rb7+ Rc7 32. Rxc7+ Kxc7 33. Ra7+ Kc6 34. Rxe7) 28... Rb2 {[%emt 0:00:19]} 29. Nxe6 {[%emt 0:01:28]} fxe6 {[%emt 0:00:02]} 30. Rb4+ {[%emt 0:00:24]} Rxb4 {[%emt 0:00:01]} 31. axb4 {[%emt 0:00:06]} Nc6 {[%emt 0:00:28]} 32. f4 {[%emt 0:01:09]} Rf8 {[%emt 0:00:13]} 33. Ke3 {[%emt 0:00:12]} g5 {[%emt 0:00:53]} 34. Ke4 {[%emt 0:01:23]} ({Less strong is} 34. fxg5 Rf5 $18) 34... Kb6 {[%emt 0:00:40]} 35. Rd1 {[%emt 0:02:23]} gxf4 {[%emt 0:00:26]} 36. Rd6 {[%emt 0:01:12]} Kc7 {[%emt 0:03:45]} 37. Rxe6 {[%emt 0:00:14]} Nxb4 {[%emt 0:00:20]} 38. Nxf4 {[%emt 0:00:17]} Kd7 {[%emt 0:02:11]} 39. Rh6 {[%emt 0:00:24]} Na2 {[%emt 0:01:29]} 40. Rxh7+ {[%emt 0:00:25]} Kc6 {[%emt 0:00:11]} 41. e6 {[%emt 0:02:28]} Nc3+ {[%emt 0:00:06]} 42. Ke5 {[%emt 0:00:08]} Nb5 {[%emt 0:00:41]} 43. e7 {[%emt 0:01:32]} Re8 {[%emt 0:00:11]} 44. Nd5 {[%emt 0:00:27]} Nc7 {[%emt 0:01:06]} 45. Nxc7 {[%emt 0:00:15]} Kxc7 {[%emt 0:00:01]} 46. Ke6 {[%emt 0:00:07]} Kc8 {[%emt 0:00:25]} 47. Rf7 {[%emt 0:00:09]} 1-0

[Event "Gibraltar Challengers B 2020"]
[Site "Caleta"]
[Date "2020.01.29"]
[Round "5.35"]
[White "Fabregas, Oliver"]
[Black "Olufemi, George"]
[Result "1-0"]
[WhiteElo "1951"]
[BlackElo "1803"]
[Annotator "NA RC"]
[PlyCount "79"]
[EventDate "2020.01.20"]
[EventType "swiss"]
[EventCountry "GGB"]
[SourceTitle "playchess.com"]
[Source "ChessBase"]
[SourceQuality "1"]
[TimeControl "6600+10"]

1. Nf3 {[%emt 0:00:00]} g6 {[%emt 0:00:01]} 2. g3 {[%emt 0:00:00]} Bg7 {[%emt 0:00:04]} 3. d4 {[%emt 0:00:00]} c5 {[%emt 0:00:51]} 4. Bg2 {[%emt 0:00:29]} cxd4 {[%emt 0:01:10]} 5. Nxd4 {[%emt 0:01:37]} Nc6 {[%emt 0:00:03]} 6. Nb3 {[%emt 0:03:06]} Nf6 {[%emt 0:00:13]} 7. c4 {[%emt 0:01:49]} d6 {[%emt 0:01:10]} 8. Nc3 {[%emt 0:00:40]} O-O {[%emt 0:00:34]} 9. O-O {[%emt 0:00:51]} Be6 {[%emt 0:02:52] E60: King's Indian: Unusual lines and Fianchetto Variation without Nc3} 10. Nd5 {[%emt 0:04:44]} (10. c5 d5 11. Bg5 Rc8 12. Bxf6 Bxf6 13. Nxd5 Bxb2 14. Rb1 Bg7 15. e4 Bd7 16. Re1 e6 17. Ne3 Qc7 18. Nc4 Rb8 19. e5 b5 20. cxb6 axb6 21. Rc1 Qa7 22. Nd4 Nxd4 23. Qxd4 {½-½ (23) Nikolic,P (2620)-Rodshtein,M (2664) Germany 2013}) 10... Nd7 {[%emt 0:00:14]} 11. Rb1 {[%emt 0:19:00]} Rc8 {[%emt 0:00:30]} 12. f4 $146 {[%emt 0:09:19]} ({Predecessor:} 12. Nd2 a5 13. b3 Nc5 14. Bb2 Nb4 15. Bxg7 Kxg7 16. Nc3 Bf5 17. Rc1 {1-0 (32) Swiech,P (2176)-Mazalon,M (1983) Jastrzebia Gora 2019}) 12... Nb6 {[%emt 0:07:39]} 13. Nd2 {[%emt 0:11:10]} Nd4 {[%emt 0:07:25]} 14. e3 {[%emt 0:09:16]} Nf5 {[%emt 0:00:42]} 15. Qe2 {[%emt 0:02:44]} (15. Qb3 $11 {keeps the balance.}) 15... h5 {[%emt 0:00:57]} 16. Be4 {[%emt 0:05:34]} Nd7 {[%emt 0:11:22]} 17. b3 {[%emt 0:05:32]} Nc5 {[%emt 0:00:51]} 18. Bf3 {[%emt 0:00:50]} Bd7 {[%emt 0:03:25]} ({Black should try} 18... Re8 $15) 19. Bb2 {[%emt 0:03:43]} e5 {[%emt 0:01:05]} (19... Bxb2 $11 20. Rxb2 e6) 20. Rfd1 {[%emt 0:06:56]} Qe8 {[%emt 0:07:16]} (20... Ne7 $11) 21. Re1 {[%emt 0:06:46]} Bc6 {[%emt 0:03:14]} 22. Ba3 {[%emt 0:05:29]} e4 {[%emt 0:09:11]} 23. Bg2 {[%emt 0:00:18]} Bxd5 $1 {[%emt 0:02:01]} 24. cxd5 {[%emt 0:00:09]} Qe7 {[%emt 0:01:23]} 25. Bxc5 {[%emt 0:00:50]} dxc5 {[%emt 0:00:20]} 26. Kh1 {[%emt 0:02:19]} Nd6 {[%emt 0:00:19]} 27. Rbc1 {[%emt 0:02:05]} b6 {[%emt 0:00:33]} 28. Rc2 {[%emt 0:01:25]} Rfe8 {[%emt 0:01:28]} 29. Rec1 {[%emt 0:00:17]} Qb7 {[%emt 0:00:44]} 30. Rd1 {[%emt 0:02:09] [#]} Qd7 {[%emt 0:02:58]} (30... b5 $1 $17) 31. Qa6 {[%emt 0:00:39]} Rc7 {[%emt 0:03:27]} 32. a4 {[%emt 0:00:12]} Qg4 {[%emt 0:16:16]} (32... h4 $5) 33. Qf1 {[%emt 0:00:48]} h4 {[%emt 0:00:51]} (33... Qd7 $11) 34. Bh3 {[%emt 0:00:42]} Qh5 {[%emt 0:00:24]} 35. g4 {[%emt 0:00:10]} Qh8 {[%emt 0:00:11]} 36. Rdc1 {[%emt 0:00:28]} Bb2 {[%emt 0:01:36]} 37. Rb1 {[%emt 0:00:02]} Bc3 {[%emt 0:01:19]} 38. Nc4 {[%emt 0:00:23]} Rd8 {[%emt 0:00:54]} 39. Rbc1 {[%emt 0:00:08]} Bb2 $18 {[%emt 0:01:07]} (39... Bg7 $16 {is more resistant.}) 40. Nxb2 {[%emt 0:00:07]} 1-0

[Event "Gibraltar Challengers B 2020"]
[Site "Caleta"]
[Date "2020.01.29"]
[Round "5.37"]
[White "Gonzalvez Tamarit, Ivan"]
[Black "Lee, Alexandre KM"]
[Result "1-0"]
[WhiteElo "1918"]
[BlackElo "1557"]
[Annotator "NA RC"]
[PlyCount "75"]
[EventDate "2020.01.20"]
[EventType "swiss"]
[EventCountry "GGB"]
[SourceTitle "playchess.com"]
[Source "ChessBase"]
[SourceQuality "1"]
[TimeControl "6600+10"]

1. d4 {[%emt 0:00:00]} Nf6 {[%emt 0:00:00]} 2. Nf3 {[%emt 0:00:04]} g6 {[%emt 0:00:10]} 3. c4 {[%emt 0:00:25]} Bg7 {[%emt 0:00:17]} 4. g3 {[%emt 0:00:05]} O-O {[%emt 0:00:31]} 5. Bg2 {[%emt 0:00:04]} d6 {[%emt 0:00:21]} 6. O-O {[%emt 0:00:16]} c6 {[%emt 0:00:21]} 7. Nc3 {[%emt 0:00:08]} Qa5 {[%emt 0:00:41]} 8. e4 {[%emt 0:00:50]} Qh5 {[%emt 0:04:17]} 9. Qd3 {[%emt 0:07:30] E62: King's Indian: Fianchetto: 6...c6 and Panno Variation (6...Nc6) without ...a6} (9. Qb3 e5 10. d5 Na6 11. Ne1 cxd5 12. cxd5 Nc5 13. Qc2 Bd7 14. f3 Rac8 15. Nd3 Na4 16. Be3 b6 {1-0 (54) Matlakov,M (2700)-Fedoseev,V (2719) St Petersburg 2018}) 9... Bh3 {[%emt 0:04:05]} 10. Ne2 {[%emt 0:08:44]} Bxg2 {[%emt 0:08:10]} 11. Kxg2 {[%emt 0:02:33]} Qa5 {[%emt 0:07:39]} 12. h3 $146 {[%emt 0:11:01]} ({Predecessor:} 12. Bd2 Qc7 13. Bf4 Nh5 14. Bg5 h6 15. Be3 e5 16. dxe5 dxe5 {1-0 (43) Quispe Arteaga,G (2196)-Pedchenko,A (1756) Padron 2016}) 12... Nfd7 {[%emt 0:06:59]} 13. Bd2 {[%emt 0:04:08]} Qc7 {[%emt 0:02:08]} 14. Bc3 {[%emt 0:00:27]} e5 {[%emt 0:05:26]} 15. b4 {[%emt 0:02:20]} b6 {[%emt 0:07:10]} 16. Rfd1 {[%emt 0:02:04]} c5 {[%emt 0:06:51]} (16... Re8 $14) 17. dxc5 {[%emt 0:05:51]} dxc5 {[%emt 0:01:34]} 18. Qd5 {[%emt 0:02:37]} (18. b5 $16 a6 19. a4) 18... Nf6 $1 {[%emt 0:04:53]} 19. Qxe5 {[%emt 0:09:46]} Qxe5 {[%emt 0:02:07]} 20. Bxe5 {[%emt 0:00:14]} Nxe4 {[%emt 0:00:49]} 21. Bxg7 {[%emt 0:01:01]} Kxg7 {[%emt 0:00:15]} 22. b5 {[%emt 0:00:33]} Nf6 {[%emt 0:06:09]} 23. Rd3 {[%emt 0:08:23]} Re8 {[%emt 0:02:16]} 24. Nf4 {[%emt 0:02:26]} Nbd7 {[%emt 0:02:33]} 25. a4 {[%emt 0:00:34]} a5 {[%emt 0:05:29]} 26. Rad1 {[%emt 0:05:30]} h6 {[%emt 0:04:08]} 27. Rxd7 {[%emt 0:02:13]} Nxd7 {[%emt 0:00:33]} 28. Rxd7 {[%emt 0:00:05]} Rad8 {[%emt 0:04:49] [#]} 29. Ne6+ $1 {[%emt 0:02:20] Pin} Rxe6 {[%emt 0:04:29]} 30. Rxd8 {[%emt 0:00:05]} Kf6 {[%emt 0:00:17]} 31. Rc8 {[%emt 0:06:05]} Ke7 {[%emt 0:01:18]} 32. Rc7+ {[%emt 0:01:56]} Ke8 $18 {[%emt 0:00:08]} 33. Rc6 {[%emt 0:00:32]} Kd7 {[%emt 0:00:41]} 34. Rxe6 {[%emt 0:00:23]} Kxe6 {[%emt 0:00:08]} 35. Nd2 {[%emt 0:01:58]} Ke5 {[%emt 0:00:31]} 36. Nb3 {[%emt 0:00:25]} Kd6 {[%emt 0:00:43]} 37. Kf3 {[%emt 0:00:50]} f6 {[%emt 0:00:37]} 38. g4 {[%emt 0:00:55] Kd5} 1-0